Colors of the Rainbow - Statistics

General Stats
  • This quiz has been taken 34 times
  • The average score is 7 of 7
Answer Stats
Answer % Correct
Blue
100%
Green
100%
Orange
100%
Red
100%
Yellow
100%
Violet
83%
Indigo
80%
No matching quizzes found
Score Distribution
Percent of People with Each Score
Percentile by Number Answered
Your Score History
You have not taken this quiz